Southville International School and Colleges
Your cart is empty.
  • Cart
  • Lists
    Public lists Eva Luna New books Lux_list list_1
    Your lists Log in to create your own lists
  • Log in to your account
  • Your cookies
  • Search history
Southville International School and Colleges
  • Advanced search
  • Recent comments
  • Most popular
  • Libraries

Log in to your account

Log in with GOOGLE


If you do not have an external account, but do have a local account, you can still log in:

  1. Home
  2. MARC view: Beginners Bible songs (The) /
Normal view MARC view ISBD view

Beginners Bible songs (The) / (Record no. 111040)

[ view plain ]
MARC details
000 -LEADER
fixed length control field 00517nam a2200181 a 4500
001 - CONTROL NUMBER
control field 1083
005 - DATE AND TIME OF LATEST TRANSACTION
control field 20140414131908.0
008 - FIXED-LENGTH DATA ELEMENTS--GENERAL INFORMATION
fixed length control field 041020s19uu xx 00 eng d
020 ## - INTERNATIONAL STANDARD BOOK NUMBER
International Standard Book Number 0-7853-1606-X
050 ## - LIBRARY OF CONGRESS CALL NUMBER
Classification number ER
Item number B35 1996
245 ## - TITLE STATEMENT
Title Beginners Bible songs (The) /
Statement of responsibility, etc illustrated by Kelly R. Pulley.
260 ## - PUBLICATION, DISTRIBUTION, ETC. (IMPRINT)
Place of publication, distribution, etc Lincolnwood, Il., USA :
Name of publisher, distributor, etc Publications International,
Date of publication, distribution, etc 1996.
300 ## - PHYSICAL DESCRIPTION
Extent p. : ill. ; cm.
440 ## - SERIES STATEMENT/ADDED ENTRY--TITLE
Title Play-a-song
500 ## - GENERAL NOTE
General note Note: sounds not working
650 ## - SUBJECT ADDED ENTRY--TOPICAL TERM
Topical term or geographic name as entry element Songs.
Holdings
Withdrawn status Lost status Damaged status Use restrictions Home library Current library Shelving location Date acquired Source of acquisition Total Checkouts Full call number Barcode Date last seen Price effective from Koha item type
        Munich Library Munich Library Easy Reading Section 03/09/2011     ER B35 1996 M1594 04/14/2014 04/14/2014 Books

Beginners Bible songs (The) /

APA

(1996). Beginners Bible songs (The). Lincolnwood, Il., USA: Publications International.

Chicago

1996. Beginners Bible songs (The). Lincolnwood, Il., USA: Publications International.

Harvard

(1996). Beginners Bible songs (The). Lincolnwood, Il., USA: Publications International.

MLA

Beginners Bible songs (The). Lincolnwood, Il., USA: Publications International. 1996.

  • Place hold
  • Print
  • Cite
  • Add to your cart (remove)
  • Save record
    BIBTEX Dublin Core MARCXML MARC (non-Unicode/MARC-8) MARC (Unicode/UTF-8) MARC (Unicode/UTF-8, Standard) MODS (XML) RIS
  • More searches
    Search for this title in:
    Other Libraries (WorldCat) Other Databases (Google Scholar) Online Stores (Bookfinder.com) Open Library (openlibrary.org)

Exporting to Dublin Core...

SOUTHVILLE LIBRARY

Southville International School and Colleges Library

1281 Tropical Ave. Cor. Luxembourg St., BF Homes International, Las Pinas City

Tel. No. 8256374 / 252358 Loc. 117/146

Powered by Koha